Statistics for Tile Select - Points

Click here to take the quiz!

General Stats

  • This quiz has been taken 7 times
  • The average score is 24 of 36

Answer Stats

QuestionTileSelect% Correct
5 pointsAmerican football puntNo
100%
2 pointsBaseball home runNo
100%
1 pointChess pawnYes
100%
1 pointSoccer drawYes
100%
6 points100% on a JetPunk featured quizNo
83%
4 pointsAmerican football safetyNo
83%
6 pointsAmerican football touchdownYes
83%
2 pointsBasketball field goalYes
83%
1 pointBasketball free throwYes
83%
4 pointsBasketball timeoutNo
83%
6 pointsChess kingNo
83%
3 pointsChess knightYes
83%
5 pointsChess rookYes
83%
1 pointHockey goalYes
83%
1 pointRugby field goalNo
83%
3 pointsScrabble F tileNo
83%
2 pointsScrabble G tileYes
83%
2 pointsSoccer winNo
83%
3 pointsAmerican football field goalYes
67%
4 pointsChess queenNo
67%
5 pointsGolf bogeyNo
67%
5 pointsScrabble K tileYes
67%
6 pointsScrabble Q tileNo
67%
3 pointsSoccer hat trickYes
67%
5 points95% on a JetPunk featured quizYes
50%
6 pointsFull cricket runYes
50%
2 pointsGolf eagleYes
50%
2 pointsHockey foulNo
50%
5 pointsRugby tryYes
50%
4 pointsScrabble W tileYes
50%
6 pointsSnooker pink ballYes
50%
1 point25% on a featured JetPunk quizNo
33%
3 points80% on a featured JetPunk quizYes
33%
3 pointsBaseball tripleNo
33%
4 pointsSnooker green ballNo
17%
4 pointsSoccer red cardYes
0%

Score Distribution

Percentile by Number Answered

Percent of People with Each Score

Your Score History

You have not taken this quiz